| 000 | 00373nam a2200145 4500 | ||
|---|---|---|---|
| 999 |
_c8797 _d8797 |
||
| 003 | OSt | ||
| 005 | 20210109124705.0 | ||
| 008 | 210109b ||||| |||| 00| 0 eng d | ||
| 020 | _a9781780676579 | ||
| 082 |
_a720.284 _bDEL |
||
| 100 | _a Delaney, Miriam; Gorman, Anne | ||
| 245 | _aStudio craft & technique for architectsDE | ||
| 260 | _bLaurence king -London | ||
| 942 | _2ddc | ||